00286nam a22000857a 4500008004100000010001500041245007400056260002300130500004700153150622b xxu||||| |||| 00| 0 eng d 8HCCRSF:005 aHIGH COURT CRIMINAL SESSION NO.179 OF 1969 Uganda Vs Gastafasi Mukana aHigh Court Kampala 3BEFORE: Hon. Mr. Ag. Justice A.W.K. Mukasa